000
00334nam a2200133Ia 4500
008
191014s9999 xx 000 0 und d
020
_a
0-12-514350-8
082
_a
530.143
_b
NAS
100
_a
C.Nash
_9
20275
245
0
_a
Relativistic Quantum Fields
260
_a
London
_b
Academic Press
_c
1978
300
_a
Viii,223
942
_c
BK
999
_c
530845
_d
530845